[Event "Porticcio op 12th"]
[Site "Porticcio"]
[Date "2010.04.04"]
[Round "6"]
[White "Laillet, Guillaume"]
[Black "Alliot, Kevin"]
[Result "0-1"]
[WhiteElo "1350"]
[BlackElo "1769"]
[PlyCount "72"]
[EventDate "2010.04.01"]
[EventType "swiss"]
[EventRounds "9"]
[EventCountry "FRA"]
[SourceTitle "EXT 2012"]
[Source "ChessBase"]
[SourceDate "2011.11.24"]
[SourceVersion "1"]
[SourceVersionDate "2011.11.24"]
[SourceQuality "1"]

1. e4 c5 2. Nf3 e6 3. Bd3 a6 4. c3 b5 5. Bc2 d5 6. d3 Bb7 7. Nbd2 Nd7 8. d4 c4 9. e5 Ne7 10. Nh4 Ng6 11. Nxg6 hxg6 12. Nf3 Be7 13. b3 cxb3 14. axb3 Qc7 15. Bd2 Rc8 16. Bd3 Qb6 17. Qc1 b4 18. c4 dxc4 19. bxc4 Bxf3 20. c5 Nxc5 21. dxc5 Bxc5 22. Be3 Bb7 23. Bxc5 Qxc5 24. Qxc5 Rxc5 25. 0-0 0-0 26. Rab1 a5 27. Rfe1 Rd8 28. Be4 Bxe4 29. Rxe4 Rdd5 30. f4 g5 31. fxg5 Rxe5 32. Rxe5 Rxe5 33. h4 Rb5 34. Kf2 a4 35. Ke3 b3 36. Kd3 a3 0-1

[Event "Calvi Balagne op 06th"]
[Site "Calvi"]
[Date "2009.04.28"]
[Round "1"]
[White "Alliot, Kevin"]
[Black "Malaniuk, Vladimir P"]
[Result "0-1"]
[WhiteElo "1758"]
[BlackElo "2523"]
[PlyCount "50"]
[EventDate "2009.04.28"]
[EventType "swiss"]
[EventRounds "9"]
[EventCountry "FRA"]
[SourceTitle "CBM 130 Extra"]
[Source "ChessBase"]
[SourceDate "2009.07.02"]
[SourceVersion "2"]
[SourceVersionDate "2009.07.15"]
[SourceQuality "1"]

1. d4 f5 2. c4 Nf6 3. Bg5 e6 4. Nc3 Bb4 5. Bd2 b6 6. Nf3 Bb7 7. g3 0-0 8. Bg2 Qe7 9. 0-0 d6 10. Qc2 a5 11. Rfe1 Nbd7 12. Rad1 Bxc3 13. Bxc3 Ne4 14. b3 Nxc3 15. Qxc3 Rae8 16. Nd2 Bxg2 17. Kxg2 e5 18. e4 exd4 19. Qxd4 f4 20. Rf1 Ne5 21. Rde1 f3+ 22. Kg1 Qd7 23. Kh1 Qh3 24. Rg1 Ng4 25. Nf1 Re5 0-1

[Event "FRA-ch Juniors op"]
[Site "Aix les Bains"]
[Date "2009.04.20"]
[Round "3"]
[White "Alliot, Kevin"]
[Black "Merenciano, Alexandre"]
[Result "1-0"]
[WhiteElo "1758"]
[BlackElo "1630"]
[PlyCount "79"]
[EventDate "2009.04.19"]
[EventType "swiss"]
[EventRounds "9"]
[EventCountry "FRA"]
[SourceTitle "CBM 130 Extra"]
[Source "ChessBase"]
[SourceDate "2009.07.02"]
[SourceVersion "2"]
[SourceVersionDate "2009.07.15"]
[SourceQuality "1"]

1. d4 d5 2. c4 c6 3. Nc3 Nf6 4. Nf3 Bf5 5. Qb3 Qb6 6. Qxb6 axb6 7. cxd5 Nxd5 8. Nxd5 cxd5 9. e3 Nc6 10. Bb5 Ra5 11. a4 Bd7 12. Bd2 Ra8 13. 0-0 Na5 14. Ne5 Bxb5 15. axb5 f6 16. Nd3 e6 17. b4 Bxb4 18. Bxb4 Kd7 19. Bxa5 bxa5 20. Nc5+ Ke7 21. Nxb7 Rhb8 22. Nxa5 Kf7 23. Rfb1 Kg6 24. b6 Ra6 25. b7 Ra7 26. Rc1 h6 27. g3 h5 28. Kg2 Kh6 29. Rab1 Rxa5 30. Rc8 Rxb7 31. Rxb7 Kg6 32. Rcc7 Kf5 33. Rxg7 e5 34. dxe5 fxe5 35. Rgf7+ Ke4 36. Rb4+ Kd3 37. Rf5 Kc3 38. Rb8 e4 39. Rxh5 Ra2 40. Rxd5 1-0

[Event "Bastia CC Winter op 34th"]
[Site "Bastia"]
[Date "2009.01.20"]
[Round "3"]
[White "Alliot, Kevin"]
[Black "Humeau, Cyril"]
[Result "0-1"]
[WhiteElo "1748"]
[BlackElo "2203"]
[PlyCount "78"]
[EventDate "2009.01.18"]
[EventType "swiss"]
[EventRounds "7"]
[EventCountry "FRA"]
[SourceTitle "EXT 2010"]
[Source "ChessBase"]
[SourceDate "2010.11.25"]
[SourceVersion "1"]
[SourceVersionDate "2010.11.25"]
[SourceQuality "1"]

1. d4 d5 2. c4 e5 3. dxe5 d4 4. Nf3 Nc6 5. g3 Nge7 6. Bg2 Ng6 7. 0-0 Be7 8. Nbd2 Ngxe5 9. b3 0-0 10. Bb2 Rb8 11. Nxe5 Nxe5 12. Nf3 Nxf3+ 13. Bxf3 Bh3 14. Bg2 Bxg2 15. Kxg2 Bf6 16. Rc1 Re8 17. Re1 Re6 18. Qd3 Qe8 19. Rcd1 c5 20. Bc1 Qc6+ 21. Kg1 Rbe8 22. e3 g6 23. Qf1 dxe3 24. Bxe3 Bc3 25. Bd2 Rxe1 26. Bxe1 Bd4 27. Bd2 f5 28. Re1 Kf7 29. Bg5 Re4 30. h4 Qe6 31. Rxe4 Qxe4 32. Qg2 Qe1+ 33. Kh2 Qxf2 34. Qxf2 Bxf2 35. Kg2 Bd4 36. Kf3 Ke6 37. Bf4 a6 38. Ke2 Be5 39. Ke3 Bxf4+ 0-1

[Event "Bastiais Master 5th"]
[Site "Bastia"]
[Date "2007.03.??"]
[Round "?"]
[White "Alliot, Kevin"]
[Black "Bigonnet, Jean Michel"]
[Result "0-1"]
[WhiteElo "1770"]
[BlackElo "1660"]
[PlyCount "54"]
[EventDate "2007.03.??"]
[EventType "swiss"]
[EventRounds "9"]
[EventCountry "FRA"]
[SourceTitle "CBM 117 Extra"]
[Source "ChessBase"]
[SourceDate "2007.05.09"]
[SourceVersion "1"]
[SourceVersionDate "2007.05.09"]
[SourceQuality "1"]

1. e4 c5 2. Nf3 Nc6 3. d4 cxd4 4. Nxd4 e5 5. Nf3 Nf6 6. Nc3 d6 7. Bc4 Be7 8. Be3 0-0 9. 0-0 Be6 10. Bd5 Qd7 11. Rb1 Rac8 12. b4 Bxd5 13. Nxd5 Nxe4 14. Nxe7+ Qxe7 15. Qd3 d5 16. a3 Rfd8 17. b5 Na5 18. Bxa7 Rc3 19. Qe2 Nc4 20. Be3 Nxa3 21. Rb2 Nc4 22. Ra2 Nxe3 23. fxe3 f6 24. Ra7 Qc5 25. Rxb7 Rxe3 26. Rc7 Rxe2+ 27. Rxc5 Nxc5 0-1

[Event "Bastiais Master 5th"]
[Site "Bastia"]
[Date "2007.03.??"]
[Round "?"]
[White "Balducchi, Francois"]
[Black "Alliot, Kevin"]
[Result "0-1"]
[WhiteElo "1410"]
[BlackElo "1770"]
[PlyCount "70"]
[EventDate "2007.03.??"]
[EventType "swiss"]
[EventRounds "9"]
[EventCountry "FRA"]
[SourceTitle "CBM 117 Extra"]
[Source "ChessBase"]
[SourceDate "2007.05.09"]
[SourceVersion "1"]
[SourceVersionDate "2007.05.09"]
[SourceQuality "1"]

1. e4 e5 2. Nf3 Nc6 3. Bb5 a6 4. Bxc6 dxc6 5. 0-0 Bg4 6. h3 Bh5 7. Re1 Bd6 8. c3 Qf6 9. Re3 Rd8 10. d4 exd4 11. cxd4 Bc5 12. e5 Qe6 13. g4 Bxg4 14. hxg4 Qxg4+ 15. Kf1 Rxd4 16. Rd3 Rxd3 17. Qxd3 Ne7 18. Nc3 0-0 19. Bg5 Ng6 20. Ne4 Bb6 21. Rd1 h5 22. Ke2 Nxe5 23. Rg1 Qxg1 24. Nxg1 Nxd3 25. Kxd3 f6 26. Bd2 Rd8+ 27. Kc2 f5 28. Ng5 Bxf2 29. N1h3 Bd4 30. b3 Rd6 31. Nf4 Rd7 32. Nge6 Bb6 33. Nd3 h4 34. Bg5 Rd6 35. Nef4 Be3 0-1